| 000 | nam a22 a 4500 | ||
|---|---|---|---|
| 999 |
_c1128 _d1128 |
||
| 003 | AKMAL | ||
| 005 | 20170508141917.0 | ||
| 008 | 17508 s1997 my 00 may d | ||
| 020 |
_a9830461327 (kkt.): _cRM 5.00 |
||
| 040 | _aAKMAL | ||
| 082 | 0 | 4 | _a297.5 ASA |
| 090 |
_a297.5 _bASA |
||
| 245 | 0 | 0 |
_aAsas pendidikan akhlaq / _cHaji Johari Haji Alias |
| 260 |
_aKuala Lumpur : _bDarul Nu'man, _c1997 |
||
| 300 |
_avi, 122ms. : _bil. ; _c21cm |
||
| 500 | _aMengandungi ayat-ayat Quran | ||
| 650 |
_aIslamic ethics _91621 |
||
| 650 |
_aIslam _xCustoms and practices _91330 |
||
| 700 | 0 |
_aJohari Haji Alias _91566 |
|
| 942 |
_2ddc _cBOOK |
||